LEADER 01301nam a2200325 u 4500 001 000000059870 003 CaOOAMICUS 005 20070226120840.0 008 010706s1988 it u000 u ita u 020 $a8821301729 035 $a10896368 040 $aPUL(R)$bita 100 1 $aViganò, Egidio,$cS.D.B.,$d1920-1995.$0(OLS)http://pul/name/40486 245 10$aLaicato cultura e teologia /$cEgidio Voganò, Raffaele Cananzi, Antonio M. Javierre Ortas. 260 $aRoma :$bLAS,$cc1988. 300 $a68 p. ;$c19 cm 490 1 $aIeri oggi domani ;$v2 504 $aBibliografia: p. [65]-66. 650 4$aLaicato.$0(OLS)http://pul/subject/994 700 1 $aJavierre Ortas, Antonio María,$ccard.,$d1921-$0(OLS)http://pul/name/13184 700 1 $aCananzi, Raffaele.$0(OLS)http://pul/name/31818 830 0$aIeri oggi domani ;$v2.$0(OLS)http://pul/title/61899 850 $aPUL 852 $aPUL$W1$xSL Religione 1$y3$m58 C 23$j78040$nBK-PRI$b $qStampati$B78040$CPULBib$Z2$F78040 $H $81 941 1 $a8 960 $aFedeli laici$9994 961 $aINV: 60496 996 $6020$a8821301729$9(OLS)http://pul/number/76598 996 $6245$aLaicato cultura e teologia$9(OLS)http://pul/title/80104 996 $6260$aRoma :$bLAS$9(OLS)http://pul/publisher/48069 LEADER 01462nam a2200265 a 4500 001 000000158204 003 CaOOAMICUS 005 20170125171918.0 008 170125s1945 it m 001 u ger r 032 $aLibriCat 040 $aPUL$bita 100 1 $aHelmle, Erwin.$0(OLS)http://pul/name/101021 245 14$aDie Allgemeinen Konzilien in der Ostkirche : $bdogmatische Untersuchung über die AuffAssung Wl. Solowjews und der Vertreter der Ostkirche auf dem Theologenkongress zu Athen 1936 / $cErwin Helmle. 260 $aRoma :$bLibreria dell'Apostolato cattolico,$c1945. 300 $a65 p. ;$c24 cm. 502 $aEstratto di Tesi -- Pontificia Universitas Gregoriana. Facultas Theologiae. 1945. 504 $aBibliografia in nota a piè pagina. 610 24$aChiesa ortodossa$xStoria.$0(OLS)http://pul/subject/8625 710 2 $aPontificia Università Gregoriana.$bFacoltà di teologia.$kTesi.$0(OLS)http://pul/name/81592 850 $aPUL 852 $aPUL$W1$xDP1 Tesi Pon. Univ. Gregoriana$y40$mTH PUG 435$j181541$qTesi$B184682$CPULBib$Z2$F184682 $H10940 $82 941 1 $a16 996 $6245$aDie Allgemeinen Konzilien in der Ostkirche : $bdogmatische Untersuchung über die AuffAssung Wl. Solowjews und der Vertreter der Ostkirche auf dem Theologenkongress zu Athen 1936 / $9(OLS)http://pul/title/197823 996 $6260$aRoma :$bLibreria dell'Apostolato cattolico$9(OLS)http://pul/publisher/84244